000 02535cam a22004814i 4500
003 PE-LiUPU
005 20250731165520.0
008 150623s1979 miua r 000 0 spa d
020 _a156063670X
035 _a(Sirsi) i9781560636700
040 _aPE-LiUPU
_bspa
_cPE-LiUPU
_erda
049 _aPRUA
082 0 4 _a220.91
_bP49A
_221
100 1 _aPfeiffer, Charles F.,
_eautor.
245 1 0 _aAtlas completo de la Biblia /
_cCharles F. Pfeiffer.
264 1 _aMiami, Fl. :
_bEditorial Unilit,
_c1979.
300 _a348 páginas :
_bilustraciones ;
_c23 centímetros
336 _atext
_2rdacontent
337 _aunmediated
_2rdamedia
338 _avolume
_2rdacarrier
505 0 _aEl mundo del Antiguo Testamento -- La tierra de Palestina -- La tabla de las naciones -- Los imperios de la Media Luna Fértil -- Los viajes de los patriarcas -- Las tierras de las peregrinaciones -- El éxodo y la peregrinación por el desierto -- Palestina dividida entre las doce tribus -- Palestina bajo los jueces -- El reino de Saúl -- El imperio de David y de Salomón -- La ciudad de Jerusalén -- El reino dividido -- Judá solo -- El exilio y la restauración -- La época helenística -- El imperio romano -- La Palestina del Nuevo Testamento -- La vida de Cristo -- La época apostólica temprana -- Los viajes del apóstol Pablo -- La geografía del libro de Apocalipsis -- Los siglos intermedios -- Las tierras bíblicas hoy día -- La arqueología bíblica en el siglo veinte -- Mapas en colores -- Mapas en blanco y negro -- Fotografías e ilustraciones.
526 _aSEG44
526 _aSEG26
526 _aP151
526 _aP150
526 _aP149
526 _aP146
526 _aP145
526 _aP126
526 _aP125
526 _aP92
526 _aP75
526 _aP74
526 _aP27
526 _aP15
650 1 4 _aGeografía biblica
_vAtlas.
942 _2ddc
_cBOOK
949 _aRC 220.91 P49A
_wDEWEY
_c1
_i53007
_d2016-6-2
_e2016-6-2
_lCCODEBUL1
_mBUL
_n1
_p27.00
_q2
_r0
_sY
_tBOOK
_u2015-6-24
_xTEOLOGIA
_PP35
_0COMPRA
_o.CIRCNOTE. No olvidar cambiar la fecha de devolución!!!!!!!
_o.STAFF. Colección General
994 _aC0
_bPEPRU
596 _a1
999 _aRC 220.91 P49A
_wDEWEY
_c33760
_i53007
_d33760
_e2022-6-1
_f2021-11-8
_g6
_lCCODEBUL1
_mBUL
_n2
_p27.00
_q11
_r1
_sY
_tBOOK
_u2015-6-24
_xTEOLOGIA
_PP35
_0COMPRA
_o.CIRCNOTE. No olvidar cambiar la fecha de devolución!!!!!!!
_o.STAFF. Colección Teología
980 _81
_gALBERTO SANCHEZ Responsable de Automatización